Football : Vainqueur de l'Eliteserien - Statistiques

Statistiques générales
  • Ce quiz a été pris 6 fois
  • Le résultat moyen est 9 sur 80
Statistiques - réponses
Année Vainqueur % Correct
2024 FK Bodø/Glimt
100%
2023 FK Bodø/Glimt
100%
2021 FK Bodø/Glimt
100%
2020 FK Bodø/Glimt
100%
2007 SK Brann
33%
1963 SK Brann
33%
1962 SK Brann
33%
2018 Rosenborg BK
17%
2017 Rosenborg BK
17%
2016 Rosenborg BK
17%
2015 Rosenborg BK
17%
2010 Rosenborg BK
17%
2009 Rosenborg BK
17%
2006 Rosenborg BK
17%
2004 Rosenborg BK
17%
2003 Rosenborg BK
17%
2002 Rosenborg BK
17%
2001 Rosenborg BK
17%
2000 Rosenborg BK
17%
1999 Rosenborg BK
17%
1998 Rosenborg BK
17%
1997 Rosenborg BK
17%
1996 Rosenborg BK
17%
1995 Rosenborg BK
17%
1994 Rosenborg BK
17%
1993 Rosenborg BK
17%
1992 Rosenborg BK
17%
1990 Rosenborg BK
17%
1988 Rosenborg BK
17%
1985 Rosenborg BK
17%
1971 Rosenborg BK
17%
1969 Rosenborg BK
17%
1967 Rosenborg BK
17%
1968 FK Lyn
0%
1964 FK Lyn
0%
1961 Fredrikstad FK
0%
1960 Fredrikstad FK
0%
1957 Fredrikstad FK
0%
1954 Fredrikstad FK
0%
1952 Fredrikstad FK
0%
1951 Fredrikstad FK
0%
1949 Fredrikstad FK
0%
1939 Fredrikstad FK
0%
1938 Fredrikstad FK
0%
1950 IF Fram Larvik
0%
1980 IK Start
0%
1978 IK Start
0%
1956 Larvik Turn IF
0%
1955 Larvik Turn IF
0%
1953 Larvik Turn IF
0%
1989 Lillestrøm SK
0%
1986 Lillestrøm SK
0%
1977 Lillestrøm SK
0%
1976 Lillestrøm SK
0%
1959 Lillestrøm SK
0%
2022 Molde FK
0%
2019 Molde FK
0%
2014 Molde FK
0%
2012 Molde FK
0%
2011 Molde FK
0%
1987 Moss FK
0%
1966 Skeid
0%
1948 SK Freidig
0%
2008 Stabæk
0%
2013 Strømsgodset IF
0%
1970 Strømsgodset IF
0%
2005 Vålerenga
0%
1984 Vålerenga
0%
1983 Vålerenga
0%
1981 Vålerenga
0%
1965 Vålerenga
0%
2025 Viking FK
0%
1991 Viking FK
0%
1982 Viking FK
0%
1979 Viking FK
0%
1975 Viking FK
0%
1974 Viking FK
0%
1973 Viking FK
0%
1972 Viking FK
0%
1958 Viking FK
0%
Aucun quiz correspondant
Distribution des résultats
% des personnes avec chaque résultat
Percentile par nombre de réponses
Votre historique - résultats
Vous n’avez pas pris ce quiz